Countries without First Letter - Statistics

General Stats
  • This quiz has been taken 96 times
  • The average score is 20 of 20
Answer Stats
# Country % Correct
Lbania Albania
100%
Ustralia Australia
100%
Uba Cuba
100%
Enmark Denmark
100%
Rance France
100%
Srael Israel
100%
Enya Kenya
100%
Akistan Pakistan
100%
Eru Peru
100%
Ussia Russia
100%
Alau Palau
99%
Anama Panama
99%
Araguay Paraguay
99%
Yria Syria
99%
Kraine Ukraine
99%
Hutan Bhutan
98%
Yrgyzstan Kyrgyzstan
96%
Man Oman
96%
Aos Laos
95%
Amibia Namibia
95%
No matching quizzes found
Score Distribution
Percent of People with Each Score
Percentile by Number Answered
Your Score History
You have not taken this quiz